La revoltosa (Record no. 133831)

MARC details
000 -LEADER
campo de control de longitud fija 01030nam a2200277 i 4500
001 - NÚMERO DE CONTROL
campo de control 133831
003 - IDENTIFICADOR DE NÚMERO DE CONTROL
campo de control ES-MaACL
005 - FECHA Y HORA DE LA ÚLTIMA TRANSACCIÓN
campo de control 20250902063106.0
007 - CAMPO FIJO DE DESCRIPCIÓN FÍSICA--INFORMACIÓN GENERAL
campo de control de longitud fija t|
008 - DATOS DE LONGITUD FIJA--INFORMACIÓN GENERAL
campo de control de longitud fija 070831s1985 sp |||| | spa d
020 ## - NÚMERO INTERNACIONAL ESTÁNDAR DEL LIBRO
Número Internacional Estándar del Libro 84-231-2755-9
080 ## - NÚMERO DE LA CLASIFICACIÓN DECIMAL UNIVERSAL
Número de la Clasificación Decimal Universal 792.5
100 1# - ENTRADA PRINCIPAL--NOMBRE DE PERSONA
Nombre de persona López Silva, José,
Fechas asociadas al nombre 1861-1925
9 (RLIN) 73986
245 13 - MENCIÓN DEL TÍTULO
Título La revoltosa
Resto del título : sainete lírico en tres cuadros y en verso /
Mención de responsabilidad, etc. original de José López Silva y Carlos Fernández Shaw ; música de Ruperto Chapi ; estudio y comentarios Xosé Aviñoa.
260 ## - PUBLICACIÓN, DISTRIBUCIÓN, ETC.
Lugar de publicación, distribución, etc. Madrid :
Nombre del editor, distribuidor, etc. Daimon :
-- Manuel Tamayo,
Fecha de publicación, distribución, etc. [1985]
300 ## - DESCRIPCIÓN FÍSICA
Extensión 88 p. ;
Dimensiones 19 p.
490 1# - MENCIÓN DE SERIE
Mención de serie Introducción al mundo de la zarzuela
500 ## - NOTA GENERAL
Nota general Biblioteca Jacinto Martínez Lacalle.
650 17 - PUNTO DE ACCESO ADICIONAL DE MATERIA--TÉRMINO DE MATERIA
Término de materia o nombre geográfico como elemento de entrada Zarzuela
Fuente del encabezamiento o término embne
9 (RLIN) 136568
700 1# - ENTRADA AGREGADA--NOMBRE PERSONAL
Nombre de persona Fernández-Shaw, Carlos,
Fechas asociadas al nombre 1865-1911
9 (RLIN) 50098
700 1# - ENTRADA AGREGADA--NOMBRE PERSONAL
Nombre de persona Chapí, Ruperto,
Fechas asociadas al nombre 1851-1909
9 (RLIN) 38014
700 1# - ENTRADA AGREGADA--NOMBRE PERSONAL
Nombre de persona Aviñoa, Xose.
9 (RLIN) 186839
830 0# - PUNTO DE ACCESO ADICIONAL DE SERIE-TÍTULO UNIFORME
Título uniforme Introducción al mundo de la zarzuela
9 (RLIN) 186958
852 ## - LOCALIZACIÓN
Ubicación ES-MaACL
Número de control de estantería E-12084
Holdings
Estatus retirado Estado de pérdida Estado de daño No para préstamo Biblioteca de origen Biblioteca actual Ubicación en estantería Fecha de adquisición Fuente de adquisición Total de préstamos Signatura topográfica completa Código de barras Visto por última vez Precio de reemplazo Tipo de ítem Koha
        Biblioteca del Ateneo de Madrid Biblioteca del Ateneo de Madrid Depósito 2 17/01/2008     E-12084 1139313 23/02/2023 23/02/2023 Libro impreso